| 000 | 00822nam a2200193 4500 | ||
|---|---|---|---|
| 001 | 000019161 | ||
| 005 | 20200929165933.0 | ||
| 008 | 100527s1972 mx a 000 0 spa d | ||
| 040 |
_aDO-SdBNP _bspa _cBNPHU |
||
| 245 | 0 | 0 |
_aRendimiento del pastizal / _ccompiladores Martín H. González, Robert S. Campbell ; traducción Ramón Palazón ; prólogo Lorenzo Martínez Medina. |
| 260 |
_aMéxico : _bCentro Regional de Ayuda Técnica : _bAgencia para el Desarrollo Internacional (AID). |
||
| 300 |
_a354 p. : _bil. , gráf. |
||
| 504 | _aIncluye referencias bibliográficas y notas al pie de las páginas. | ||
| 700 | 1 |
_aGonzález, Martín H. _ecomp. _941245 |
|
| 700 | 1 |
_aCampbell, Roberto S. _ecomp. _941246 |
|
| 700 | 1 |
_aPalazón, Ramón _etr. _941247 |
|
| 700 | 1 |
_aMartínez Medina, Lorenzo _epról. _941248 |
|
| 049 | _aBNGR | ||
| 999 |
_c18679 _d18679 |
||